Lacs sur une carte du Monde - Statistiques

Statistiques générales
  • Ce quiz a été pris 3 035 fois
  • Le résultat moyen est 16 sur 50
Réponses sur la Carte
Les réponses sont colorées sur une échelle allant du rouge au vert en fonction du pourcentage des utilisateurs qui les ont devinées à leur premier essai. Vous pouvez retrouver ces pourcentages ci-dessous.
 
Statistiques - réponses
Réponse % Correct
Lac Léman
84%
Lac Victoria
81%
Lac Supérieur
77%
Lac Michigan
74%
Lac Baïkal
71%
Lac Titicaca
68%
Mer Caspienne
63%
Lac Erie
59%
Lac Ontario
57%
Lac Malawi
55%
Lac Huron
50%
Loch Ness
49%
Mer Morte
46%
Mer d'Aral
41%
Lac de Constance
39%
Lac Tchad
39%
Grand Lac Salé
38%
Grand lac des Esclaves
37%
Grand lac de l'Ours
34%
Lac Tanganyika
32%
Lac de Garde
31%
Lac Nicaragua
31%
Lac Maracaibo
25%
Lac Ladoga
24%
Lac de Tibériade
23%
Lac Winnipeg
23%
Lac Nasser
22%
Lac Balaton
21%
Lac Rose
21%
Lac de Van
18%
Lac Onega
16%
Lac Saint-Jean
16%
Lac Volta
16%
Lac Balkhach
15%
Lac Eyre
14%
Lac Turkana
14%
Lac Pontchartrain
13%
Lac Athabasca
12%
Lac d'Ohrid
12%
Lac Okeechobee
11%
Tonlé Sap
11%
Lac Toba
10%
Lac Vänern
10%
Issyk-Koul
9%
Lac Biwa
9%
Lac Kariba
9%
Lac Peïpous
9%
Lac Qinghai
9%
Lac Saimaa
8%
Lac Taupo
8%
Aucun quiz correspondant
Distribution des résultats
% des personnes avec chaque résultat
Percentile par nombre de réponses
Votre historique - résultats
Vous n’avez pas pris ce quiz